000 00598nam a2200193 a 4500
001 000498876
003 AM-YeHGA
005 20250617162152.0
008 060905s1926 ||||||||||||||||||||rus d
040 _aAM-YeHGA
041 0 _arus
100 1 _aСережников, В.
245 1 0 _aКант :
_bУчебное пособие /
_cВ. Сережников.
260 _aМосква ;
_aЛенинград :
_bГосиздат,
_c1926.
300 _a256 с.
440 0 _aБиографическая библиотека
650 1 4 _aФилософские науки
090 _c487653
999 _c484291
_d484291